LEADER 00954nam a2200217 4500 001 000000357579 003 CaOOAMICUS 005 20240315094929.0 008 240315s1933 it 2 000 u ita r 040 $aSeMil$bita 100 1 $aDal Verme, Maria Eugenia.$0(OLS)http://semarc/name/39355 245 10$aOsservazioni sul concetto di miracolo in Hume /$cM. E. Dal Verme. 264 1$aMilano :$bVita e Pensiero,$c1933. 300 $aP. 159-163 ;$c25 cm 500 $aEstratto da: Rivista di Filosofia Neo-scolastica, Anno 25., Fascicolo 2 - Marzo 1933 650 4$aHume, David <1711-1776> - Pensiero filosofico.$0(OLS)http://semarc/subject/14456 850 $aSeMil 852 $aSeMil$W1$xVenegono$y1$m5B VI 4/8$j246791$B248755$CSeMilBibl$Z2$F248755 $81 996 $6245$aOsservazioni sul concetto di miracolo in Hume$9(OLS)http://semarc/title/447836 996 $6264$aMilano :$bVita e Pensiero$9(OLS)http://semarc/publisher/29642 LEADER 01009nam a2200217 i 4500 001 000000184970 003 CaOOAMICUS 005 20100122000000.0 008 100122s1928 it u000 u ita u 013 $a162957 040 $aSeMil$bita 100 1 $aMaccono, Ferdinando.$0(OLS)http://semarc/name/6297 245 10$aVol. 2 /$cFerdinando Maccono. 260 $aMilano :$bPremiata Scuola Tipografica Salesiana,$c1928. 300 $aP. 352-786 ;$c20 cm. 650 4$aGesł Cristo - Vita.$0(OLS)http://semarc/subject/415 773 0 $aMaccono, Ferdinando$tVita di Gesł Cristo raccontata ai giovani con le stesse parole del Vangelo e con relativi ammaestramenti in fine d'ogni capo.$dMilano : Premiata Scuola Tipografica Salesiana, 1928.$w()22784 850 $aSeMil 852 $aSeMil$W1$xVenegono$y1$m2X I 176$j135661$B135661$CSeMilBibl$Z2$F147203 $81 996 $6245$aVol. 2$9(OLS)http://semarc/title/54073 996 $6260$aMilano :$bPremiata Scuola Tipografica Salesiana$9(OLS)http://semarc/publisher/35764